000 00537nam a2200193Ia 4500
003 OSt
005 20200817123629.0
008 190216s9999||||xx |||||||||||||| ||und||
020 _a9788185842837
040 _coclc
082 _a546
_bRAJ/A
100 _aRaj, Gurdeep
_94139
245 0 _aAdvanced Practical Inorganic Chemistry /
_cGurdeep Raj
250 _a25th Ed.
260 _bGoel Publishing House,
_c2014.
_aMeerut:
300 _a605p
650 _aChemistry
942 _cBK
_2ddc
_h546
_iRAJ/A
_k546
_mRAJ/A
999 _c3655
_d3655